Регионална библиотека "Любен Каравелов" - Русе

Увод в литературната наука (Запис номер 123842)

MARC детайли
000 -Лидер
Контролно поле с фиксирана дължина 01850nam a2200421 c 4500
003 - Код на организацията, давaща контролен номер
Контролно поле BLK
005 - Дата и час на последна редакция
Контролно поле 20240313005505.0
008 - Елементи от данни с фиксирана дължина
fixed length control field 180409b bul|||||r ||||||| ||bul||
010 ## - Наследен системен номер
LC control number KNG00129505000
040 ## - Източник на каталожния запис
Идентификатор на билиотеката - собственик на записа BLK
041 ## - Код за език
Код за езика на текст/звукозапис или на отделно заглавие Български
Код за езика КДБФ Български
072 #7 - Код за тематичната категория
Код организация bullib
Код за тематична категория А
Текст Фонд Михаил Арнаудов
072 #7 - Код за тематичната категория
Код организация bullib
Код за тематична категория Я
Текст Автографи
080 ## - УДК
Текстов определител УДК Теория на литературата. Литературна техника
УДК код - определител по УДК 82.01/.09
УДК - код + определител 82.01/.09
100 1# - Редна дума - Автор
Автор Арнаудов, Михаил Петров
R(LIN) 33558
139 ## - Редно поле
Редна дума Арнаудов, Михаил Петров
Авторски знак Арн - А 87
245 10 - Сведения за заглавието
Заглавие Увод в литературната наука
Подзаглавни данни Задачи, история, съвр. състояние : Моногр.
Редно поле (дума) Михаил Петров Арнаудов.
257 ## - Страна на издаване
Страна на създаване/издаване България
260 ## - Област на издателските данни
Име на издателя, разпространителя и проч. Всеобща библ. Просвета
Година на издаване 1920
Печатница София : Воен. изд. фонд
300 ## - Физическа характеристика
Страници 175 с.
Размери/Мащаб 24 см
380 ## - Жанр
Жанр Литературознание
490 ## - СЕРИИ (Колекции)
9 (RLIN) 396381
Име на серия Частна колекция - Академик Михаил Арнаудов
Бележки за серията Дарение - Основен фонд
500 ## - Общи забележки
Забележка Екз. с инв. № 319848 - тв. подв. ; с инв. № 588122 - тв. подв. - Автограф с текст: На магът между химиците, А. Златаров. Сф. 1920 М Арн.
650 #4 - Допълнително описание по предмет – тема
Основно описание – тема или топоним Литературознание
9 (RLIN) 160629
653 ## - Ключова дума – ненормативна
Ключова дума литературознание
653 ## - Ключова дума – ненормативна
Ключова дума монографии
659 ## - Тематичен бюлетин
Тематичен бюлетин А
659 ## - Тематичен бюлетин
Тематичен бюлетин Я
852 ## - Местоположение
Форматна сигнатура МА 97
852 ## - Местоположение
Форматна сигнатура МА 97
Фондова буква Фонд "Михаил Арнаудов"
856 4# - Електронен адрес и достъп
Електронен формат pdf - файл
856 4# - Електронен адрес и достъп
Електронен формат pdf - файл
999 ## - СИСТЕМНИ КОНТРОЛНИ НОМЕРА
Koha biblionumber 123842
Koha biblioitemnumber 123842
942 ## - АРТИКУЛИ
Вид на библиотечния материал Книги
Скрит в OPAC Не
Периодичен библиозапис Да
944 ## - СЪЗДАВАНЕ И РЕДАКЦИЯ на ЗАПИСА
Създаване/Редакция Създаване
Дата на регистрацията/редакция 04.04.2012
Статус, дата на статуса CRON CRON
Служител, извършил регистрацията/редакцията
944 ## - СЪЗДАВАНЕ И РЕДАКЦИЯ на ЗАПИСА
Създаване/Редакция Редакция
Дата на регистрацията/редакция 01.09.2016
Статус, дата на статуса ф / 04.04.2012
Служител, извършил регистрацията/редакцията Людмила_Стоянова
999 ## - СИСТЕМНИ КОНТРОЛНИ НОМЕРА
Koha biblioitemnumber 123842
999 ## - СИСТЕМНИ КОНТРОЛНИ НОМЕРА
Koha biblioitemnumber 123842
Наличности
Код за отписване Код за изгубен артикул Източник на класификационната схема Код за повреда Коз за рестрикции Код за отдаване Артикулен № Име на библиотеката - собственик Име на библиотеката, в която се намира в момента Статус (Текущо местоположение) Дата на вписване в системата Местоположение - отдел Цена в лева Инвентарен номер Систематично азбучна сигнатура Баркод Номер на екземпляра Цена в евро Служебна бележка Служебен тип на артикула Номерация (Хронология)
Изтеглен Не е изгубен Universal Decimal Classification Не е повреден без рестрикции ползва се в читалня 200687 Регионална библиотека "Любен Каравелов" Русе Регионална библиотека "Любен Каравелов" Русе Хранилище 1920-01-01 Основен фонд - ползва се само за читалня 0.00 988 Цб 8.235.988 988 1 0.00 Дост: Pk Вид: Ф N: стар фонд Дата: 01.01.1920 Книги  
  Не е изгубен Universal Decimal Classification Не е повреден само за читалня Специални фондове ( старопечатни, редки и ценни, фонд М. Арнаудов) 200688 Регионална библиотека "Любен Каравелов" Русе Регионална библиотека "Любен Каравелов" Русе Фонд "Михаил Арнаудов" 1973-01-01 Фонд "Михаил Арнаудов" 1.20 319848 МА 97 120000319848 2 0.61 Дост: DA Вид: А N: стар фонд Дата: 01.01.1973 Книги Автограф: Михаил Арнаудов
  Не е изгубен Universal Decimal Classification Не е повреден само за читалня Специални фондове ( старопечатни, редки и ценни, фонд М. Арнаудов) 200689 Регионална библиотека "Любен Каравелов" Русе Регионална библиотека "Любен Каравелов" Русе Фонд "Михаил Арнаудов" 1973-01-01 Фонд "Михаил Арнаудов" 10.00 588122 МА 97 120000588122 3 5.11 Дост: DA Вид: А N: стар фонд Дата: 01.01.1973 Книги  
  Не е изгубен Universal Decimal Classification Не е повреден   Специални фондове ( старопечатни, редки и ценни, фонд М. Арнаудов) 748042 Регионална библиотека "Любен Каравелов" Русе Регионална библиотека "Любен Каравелов" Русе Фонд "Михаил Арнаудов" 2019-10-22 Фонд "Михаил Арнаудов" 13.99   МА 97 120000836727   7.15   Книги  
  Не е изгубен Universal Decimal Classification Не е повреден   Специални фондове ( старопечатни, редки и ценни, фонд М. Арнаудов) 748045 Регионална библиотека "Любен Каравелов" Русе Регионална библиотека "Любен Каравелов" Русе Фонд "Михаил Арнаудов" 2019-10-22 Фонд "Михаил Арнаудов" 13.99   МА 97 120000836728   7.15   Книги  
Vip Innovations Ltd, Rousse, Bulgaria 2025